000 00517nam a2200169Ia 4500
003 GCL
008 140319s9999 xx 000 0 ara d
040 _aGCL /
_cGCL
082 0 4 _a323.443
_bس م
100 1 _aسماح ادريس
245 1 0 _aالمثقف العربى والسلطة بحث فى روايات التجربة الناصرية /
_cسماح ادريس
300 _a323 ص
490 _a
650 0 4 _aالناصرية
650 0 4 _aالدولة، علاقتها بالافراد
942 _2ddc
_cBK
999 _c41406
_d41406